00191nam a2200073Ia 4500008004100000100001000041245003900051260002700090170817s9999 xx 000 0 und d aREDDY 0aCHANGING ATTITUDES TO EDU.IN INDIA bATLANTIC PUB. N. DELHI